Sporcler's Apprentice Quiz Stats

 Plays Quiz Updated Nov 19, 2018

Score 0/25 Timer 20:00
1 Play Today
% Correct
Ř
68.1%
Ť
64.6%
М
57.1%
Ư
55.2%
Ğ
55%
Ā!
47.7%
Ɠ
47.5%
Ƭ
45.4%
Ŝ!
43.2%
Ą
41.9%
Ƈ
40.6%
Ĭ
39.9%
Ę
39.5%
% Correct
Ě
39.1%
Ă
38.8%
Ħ
35.4%
Į
33.3%
Ɲ
32.8%
Ō
29.6%
Ń
28.8%
Ƴ
27.3%
Ţ
26.3%
Ɓ
18.3%
Ơ
17.8%
Ś
15.9%

You're not logged in!

Compare scores with friends on all Sporcle quizzes.
OR
Log In

You Might Also Like...

Show Comments

Extras

Top Quizzes Today


Score Distribution

Your Account Isn't Verified!

In order to create a playlist on Sporcle, you need to verify the email address you used during registration. Go to your Sporcle Settings to finish the process.

Report this User

Report this user for behavior that violates our Community Guidelines.

Details: